| 000 | 00471nam a2200181Ia 4500 | ||
|---|---|---|---|
| 008 | 191130s2009##################000#0#eng## | ||
| 020 | _a9781847398079 | ||
| 040 |
_aACL _cACL |
||
| 082 | _a920 LAW | ||
| 100 | _aLloyd-Davies, Megan | ||
| 245 |
_aDaddy's prisoner _cLloyd-Davies, Megan |
||
| 260 |
_aLondon _bSimon & Schuster UK _c2009 |
||
| 300 | _a275p | ||
| 650 | _aBiography | ||
| 990 | _adcd7d718ac10000c56e2869be703614c | ||
| 991 | _a120838 | ||
| 999 |
_c144012 _d144012 |
||